Classement Coefficient UEFA sur cinq ans - Statistiques

Statistiques générales
  • Ce quiz a été pris 127 fois
  • Le résultat moyen est 45 sur 55
Statistiques - réponses
Class. Pays Points % Correct
5 France 61.164
99%
1 Angleterre 109.750
98%
3 Allemagne 82.481
96%
2 Espagne 92.998
96%
4 Italie 81.926
96%
6 Pays-Bas 59.900
95%
18 Russie 26.215
95%
8 Belgique 42.200
94%
7 Portugal 56.216
94%
36 Irlande 10.375
91%
14 Ukraine 29.500
91%
23 Suède 23.750
90%
24 Pologne 20.750
89%
13 Suisse 31.675
89%
10 Autriche 34.000
88%
17 Danemark 27.825
88%
47 Estonie 7.582
88%
35 Lettonie 10.625
88%
38 Lituanie 10.000
88%
16 Norvège 29.000
88%
28 Slovaquie 19.750
88%
31 Slovénie 12.500
88%
19 Croatie 25.400
86%
37 Finlande 10.250
86%
26 Roumanie 20.500
86%
11 Serbie 34.375
86%
15 Tchéquie 29.050
86%
12 Turquie 32.100
86%
9 Écosse 36.400
85%
20 Grèce 25.225
84%
25 Hongrie 20.625
84%
40 Biélorussie 9.875
83%
53 Andorre 5.165
82%
42 Luxembourg 9.000
80%
41 Bosnie-Herzégovine 9.750
79%
55 Saint-Marin 1.999
78%
27 Bulgarie 20.000
77%
33 Kosovo 11.041
77%
50 Pays de Galles 6.166
75%
22 Chypre 24.475
74%
48 Islande 7.250
74%
52 Macédoine du Nord 5.500
74%
45 Malte 8.250
74%
54 Monténégro 4.750
73%
49 Albanie 6.250
72%
46 Géorgie 8.000
71%
34 Liechtenstein 11.000
70%
32 Moldavie 12.250
67%
39 Arménie 9.875
65%
21 Israel 25.000
65%
29 Azerbaidjan 16.625
64%
44 Irlande du Nord 8.583
64%
30 Kazakhstan 12.625
58%
51 Gibraltar 5.791
54%
43 Îles Féroé 8.750
38%
Aucun quiz correspondant
Distribution des résultats
% des personnes avec chaque résultat
Percentile par nombre de réponses
Votre historique - résultats
Vous n’avez pas pris ce quiz